书目信息 |
| 题名: |
管理层收购ABC
|
|
| 作者: | 李盾 主编 | |
| 分册: | ||
| 出版信息: | 北京 对外经济贸易大学出版社 2003.07 |
|
| 页数: | 384页 | |
| 开本: | 21cm | |
| 丛书名: | 经济与管理热点问题ABC丛书 | |
| 单 册: | ||
| 中图分类: | F271 | |
| 科图分类: | ||
| 主题词: | 企业合并--基本知识 | |
| 电子资源: | ||
| ISBN: | 7-81078-249-5 | |
| 000 | 00868nam 2200241 4500 | |
| 001 | 192004003504 | |
| 005 | 20070911153451.65 | |
| 010 | @a7-81078-249-5@dCNY22.00 | |
| 100 | @a20070602d2003 ekmy0chiy0121 ea | |
| 101 | 0 | @achi |
| 102 | @aCN@b110000 | |
| 105 | @ay z 000yy | |
| 200 | 1 | @a管理层收购ABC@Aguan li ceng shou gouA BC@f李盾主编 |
| 210 | @a北京@c对外经济贸易大学出版社@d2003.07 | |
| 215 | @a384页@d21cm | |
| 225 | 2 | @a经济与管理热点问题ABC丛书@Ajing ji yu guan li re dian wen tiA BC cong shu@h2 |
| 330 | @a本书形式简单,语言通俗,对近几年中国MBO进程进行了总结,从中外对经当中分析了目前中国MBO操作的特点以及遇到的问题,并试图探索出一条规范而适合中国国情的MBO道路。 | |
| 410 | 0 | @12001 @a经济与管理热点问题ABC丛书 |
| 606 | 0 | @a企业合并@x基本知识 |
| 690 | @aF271@v4 | |
| 701 | 0 | @a李盾@Ali dun@4主编 |
| 801 | 0 | @aCN@c20070911 |
| 905 | @dF271@eL145:2 | |
| 管理层收购ABC/李盾主编.-北京:对外经济贸易大学出版社,2003.07 |
| 384页;21cm.-(经济与管理热点问题ABC丛书.2) |
| ISBN 7-81078-249-5:CNY22.00 |
| 本书形式简单,语言通俗,对近几年中国MBO进程进行了总结,从中外对经当中分析了目前中国MBO操作的特点以及遇到的问题,并试图探索出一条规范而适合中国国情的MBO道路。 |
| ● |
| 相关链接 |
|
|
|
正题名:管理层收购ABC
索取号:F271/L145:2
 
预约/预借
| 序号 | 登录号 | 条形码 | 馆藏地/架位号 | 状态 | 备注 |
| 1 | 617325 | 206173255 | 社科库409/409社科库 86排4列5层/ [索取号:F271/L145:2] | 在馆 | |
| 2 | 617326 | 206173264 | 社科二线422/409社科库 87排1列1层/ [索取号:F271/L145:2] | 在馆 | |
| 3 | 617327 | 206173273 | 社科二线422/409社科库 87排1列1层/ [索取号:F271/L145:2] | 在馆 |